|
|
|
|
| LEADER |
00892nam a22002297a 4500 |
| 001 |
AAL4576 |
| 003 |
BD-DhAAL |
| 005 |
20160222113919.0 |
| 008 |
160222m20111993bg a|||| |||| 00| 0 ben d |
| 020 |
|
|
|a 9849452190
|
| 040 |
|
|
|a BD-DhAAL
|c BD-DhAAL
|
| 082 |
|
|
|a 891.4437
|
| 100 |
|
|
|a আহমেদ, হুমায়ূন
|9 18102
|
| 245 |
|
|
|a পোকা /
|c হুমায়ূন আহমেদ
|
| 260 |
|
|
|a ঢাকা :
|b পার্ল পাবলিকেশন্স,
|c ২০১১
|
| 300 |
|
|
|a ১০৩ পৃ. :
|b চিত্র ;
|c ২২ সে.মি.
|
| 541 |
|
|
|e 4576
|
| 650 |
|
|
|a Bengali fiction
|9 18103
|
| 852 |
|
|
|a Savar Campus Library
|c General Shelf
|
| 942 |
|
|
|2 ddc
|c BK
|
| 999 |
|
|
|c 36908
|d 36908
|
| 952 |
|
|
|0 0
|1 0
|2 ddc
|4 0
|6 891_443700000000000_AHM
|7 0
|9 58111
|a SCL
|b SCL
|c GEN
|d 2016-02-22
|g 120.00
|l 38
|m 65
|o 891.4437 AHM
|p 3020004576
|r 2026-04-20
|s 2026-04-13
|t 1
|w 2016-02-22
|y BK
|